000 00340nam a22001337a 4500
008 170602b xxu||||| |||| 00| 0 eng d
020 _a9781858660011
041 _aeng
080 _a94(100)
100 _a17
101 _aSHH
245 _aTHE PRIVATIZATION PROCESS IN RUSSIA, UKRAINE AND THE BALTIC STATES
_cFRYDMAN,R
942 _2udc
_cBK
999 _c15724
_d15724